LIBRARY & INFORMATION CENTRE, KCAET, TAVANUR

ONLINE PUBLIC ACCESS CATALOGUE (OPAC)

Reinforced concrete simply explained / (Record no. 2543)

MARC details
000 -LEADER
fixed length control field 00385cam a2200157ua 4500
003 - CONTROL NUMBER IDENTIFIER
control field OSt
008 - FIXED-LENGTH DATA ELEMENTS--GENERAL INFORMATION
fixed length control field 250707b |||||||| |||| 00| 0 eng d
041 ## - LANGUAGE CODE
Language code of text/sound track or separate title eng
082 ## - DEWEY DECIMAL CLASSIFICATION NUMBER
Classification number 624.18341
Item number FAB/RE
100 ## - MAIN ENTRY--AUTHOR NAME
Personal name Faber, Oscar
245 ## - TITLE STATEMENT
Title Reinforced concrete simply explained /
250 ## - EDITION STATEMENT
Edition statement 4 /
260 ## - PUBLICATION, DISTRIBUTION, ETC. (IMPRINT)
Place of publication :
Name of publisher Oxford University Press ,
Year of publication 1961.
300 ## - PHYSICAL DESCRIPTION
Number of Pages 87 ; .
942 ## - ADDED ENTRY ELEMENTS (KOHA)
Koha item type Books
Holdings
Withdrawn status Lost status Damaged status Home library Current library Date acquired Full call number Accession Number Koha item type Public note
      KAUAET KAUAET 23/04/2024 624.18341 FAB/RE 3464 Books 4058
free website counter